00504 2200205 4500001002100000008004100021035002000062245005900082100002300141250000600164260003300170300001100203084001400214082000800228650001400236990001200250990001200262990001200274990001200286INLIS000000000000535 ind  a0010-0424000511 aKreasi Busana Dengan Teknik DrapingcBexzy Kurnilasari aKurnilasari, Bexzy a1 aKlaten :bIntan Sejatic2015 a76 hlm a600 BEX k a600 aNon Fiksi a0722168 a0722169 a0722170 a0722171